Effectif Hockey Club Fribourg-Gottéron 2023/2024 - Statistiques

Statistiques générales
  • Ce quiz a été pris 70 fois
  • Le résultat moyen est 18 sur 32
Statistiques - réponses
Poste Nationalié Nom % Correct
20 Gardien Suisse Reto Berra
100%
86 Attaquant Suisse Julien Sprunger
98%
22 Défenseur Suisse/Cameroun Dave Sutter
86%
95 Attaquant Suède Jacob de la Rose
81%
71 Attaquant Suisse Killian Mottet
81%
28 Attaquant Suisse Christoph Bertschy
77%
9 Attaquant Suède Marcus Sörensen
77%
89 Attaquant Suisse/Russie Andreï Bykov
74%
32 Attaquant Suède Lucas Wallmark
74%
18 Défenseur USA Ryan Gunderson
74%
88 Attaquant Canada Chris DiDomenico
72%
Coach Suisse/Canada Christian Dubé
70%
16 Défenseur Suisse/Espagne Raphael Díaz
70%
97 Attaquant Suisse Nathan Marchon
67%
1 Gardien Suisse Loïc Galley
63%
74 Défenseur Suède Andreas Borgman
60%
7 Défenseur Suisse Benoît Jecker
58%
73 Attaquant Suisse Sandro Schmid
58%
5 Défenseur Suisse Simon Seiler
58%
23 Attaquant Suisse Samuel Walser
56%
39 Gardien Suisse Bryan Rüegger
51%
79 Attaquant Suisse Kevin Etter
51%
77 Défenseur Suisse Maximilian Streule
51%
75 Attaquant Suisse/République Tchèque Dominik Binias
47%
37 Attaquant Suisse Kevin Nicolet
47%
11 Défenseur Suisse Mauro Dufner
40%
21 Attaquant Suisse Mauro Jörg
40%
2 Défenseur Canada Thomas Grégoire
30%
43 Défenseur Suisse Basile Sansonnens
14%
25 Attaquant Canada Cory Emmerton
5%
40 Attaquant Suisse Luca Gauch
2%
45 Attaquant Suisse Noam Holzer
0%
Aucun quiz correspondant
Distribution des résultats
% des personnes avec chaque résultat
Percentile par nombre de réponses
Votre historique - résultats
Vous n’avez pas pris ce quiz